| 000 | 00343nam a22001457a 4500 | ||
|---|---|---|---|
| 020 | _a978-81-312-3571-3 | ||
| 082 | _a617.632,C15N | ||
| 100 | _aNEWMAN,MICHAEL.G | ||
| 245 | _aCARRANZA'S CLINICAL PERIODONTOLOGY | ||
| 250 | _a11TH | ||
| 260 |
_aNEW DELHI _bELSEVIER _c2015 |
||
| 300 | _a1371 | ||
| 650 | _aPERIODONTOLOGY | ||
| 942 |
_2ddc _cBK _02 |
||
| 999 |
_c9827 _d9827 |
||